| 000 | 01761nam a2200373 a 4500 | ||
|---|---|---|---|
| 001 | ebr10363881 | ||
| 003 | CaPaEBR | ||
| 006 | m u | ||
| 007 | cr cn||||||||| | ||
| 008 | 080925s2009 ne sb 001 0 eng | ||
| 010 | _z 2008042418 | ||
| 020 | _z9789004167254 (alk. paper) | ||
| 040 |
_aCaPaEBR _cCaPaEBR |
||
| 035 | _a(OCoLC)593231967 | ||
| 050 | 1 | 4 |
_aBS1830.E7 _bK55 2009eb |
| 082 | 0 | 4 |
_a229/.913 _222 |
| 100 | 1 |
_aKnibb, Michael A. _q(Michael Anthony), _d1938- |
|
| 245 | 1 | 0 |
_aEssays on the Book of Enoch and other early Jewish texts and traditions _h[electronic resource] / _cby Michael A. Knibb. |
| 260 |
_aLeiden ; _aBoston : _bBrill, _c2009. |
||
| 300 | _axvii, 448 p. | ||
| 490 | 1 |
_aStudia in Veteris Testamenti pseudepigrapha, _x0169-8125 ; _vv. 22 |
|
| 500 | _aA collection of previously published essays, originally published between 1976 and 2007. | ||
| 504 | _a"Bibliography of publications by Michael A. Knibb"--P. [407]-411. | ||
| 504 | _aIncludes bibliographical references and indexes. | ||
| 505 | 0 | _apt. 1. Essays on the Book of Enoch -- pt. 2. Essays on early Jewish texts and traditions. | |
| 533 |
_aElectronic reproduction. _bPalo Alto, Calif. : _cebrary, _d2013. _nAvailable via World Wide Web. _nAccess may be limited to ebrary affiliated libraries. |
||
| 630 | 0 | 0 |
_aEthiopic book of Enoch _xCriticism, interpretation, etc. |
| 630 | 0 | 0 | _aDead Sea scrolls. |
| 650 | 0 |
_aApocryphal books (Old Testament) _xCriticism, interpretation, etc. |
|
| 655 | 7 |
_aElectronic books. _2local |
|
| 710 | 2 | _aebrary, Inc. | |
| 830 | 0 |
_aStudia in Veteris Testamenti pseudepigrapha ; _vv. 22. |
|
| 856 | 4 | 0 |
_uhttp://site.ebrary.com/lib/rucke/Doc?id=10363881 _zAn electronic book accessible through the World Wide Web; click to view |
| 999 |
_c111124 _d111124 |
||